000 00860nam a2200277 c 4500
003 BLK
005 20180421000508.0
008 180411b bul|||||r ||||||| ||bul||
010 _aKNG00197139000
040 _aBLK
041 _aBUL
_cBUL
080 _aБългарска литература
_b821.163.2
_x-4
_z821.163.2-4
100 1 _aТоромански, Кирил
_eпърви автор
_9130681
139 _aТоромански, Кирил
_bТ 75
245 1 0 _aЛулило
_bСел. портр.
_cКирил Торомански.
257 _aBGR
260 София
_bБЗНС
_c1985
300 _a178 с.
_bс ил.
_c20 см
380 _aX
500 _a2 550 тир.
852 _aЦб 135786
856 4 _qpdf
_u
856 4 _qpdf
_u
942 _cKNG
_n0
944 _aCR
_c01.12.2016
_kНора_Радева
944 _aED
_c01.12.2016
_kНора_Радева
999 _c188121
_d188121